| 000 | 00701nam a2200265Ia 4500 | ||
|---|---|---|---|
| 005 | 20250425162730.0 | ||
| 008 | 250425s9999 xx 000 0 und d | ||
| 020 | _a9786071509253 | ||
| 041 | _aspa | ||
| 082 | _a620.103 | ||
| 100 | _aBEER, FERDINAND P. | ||
| 245 | 0 | _aMECANICA VECTORIAL PARA INGENIEROS: ESTATICA | |
| 250 | _a10A ED. | ||
| 260 | _aMEXICO | ||
| 260 |
_aMéxico _bMCGRAW-HILL _c2013 |
||
| 300 | _a489 | ||
| 500 | _aTítulo Traducido: VECTOR MECHANICS FOR ENGINEERS. STATICS | ||
| 650 | _aANALISIS VECTORIAL | ||
| 650 | _aESTATICA | ||
| 650 | _aMECANICA APLICADA | ||
| 700 | _aJOHNSTON, E. RUSSELL | ||
| 700 | _aMAZUREK, DAVID F. | ||
| 942 | _c01 | ||
| 010 | _a103868 | ||
| 999 |
_c235311 _d235311 |
||